आत्मानुशासन अभ्यास/ (Record no. 200928)

MARC details
000 -LEADER
fixed length control field 00867nam a22002177a 4500
003 - CONTROL NUMBER IDENTIFIER
control field dpl
005 - DATE AND TIME OF LATEST TRANSACTION
control field 20240221163950.0
008 - FIXED-LENGTH DATA ELEMENTS--GENERAL INFORMATION
fixed length control field 240220b |||||||| |||| 00| 0 eng d
010 ## - LIBRARY OF CONGRESS CONTROL NUMBER
LC control number HIN-126925
020 ## - INTERNATIONAL STANDARD BOOK NUMBER
International Standard Book Number 9789394928176
Terms of availability 1000.00
035 ## - SYSTEM CONTROL NUMBER
System control number HN-99271
037 ## - SOURCE OF ACQUISITION
Source of stock number/acquisition DBAD/PUB
040 ## - CATALOGING SOURCE
Transcribing agency 0
082 ## - DEWEY DECIMAL CLASSIFICATION NUMBER
Classification number 158.1
100 ## - MAIN ENTRY--PERSONAL NAME
Personal name श्रीचंदानी सुरेश कुमार
9 (RLIN) 62287
245 ## - TITLE STATEMENT
Title आत्मानुशासन अभ्यास/
Statement of responsibility, etc सुरेश कुमार श्रीचंदानी
260 ## - PUBLICATION, DISTRIBUTION, ETC. (IMPRINT)
Place of publication, distribution, etc अजमेर
Name of publisher, distributor, etc पदमकांता प्रकाशन
Date of publication, distribution, etc 2021
270 ## - ADDRESS
Address एस -5, सरदार पटेल मार्ग ,
City जयपुर
Postal code 302001
300 ## - PHYSICAL DESCRIPTION
Extent 105पृष्ठ;
Dimensions 22cm (अजिल्द)
942 ## - ADDED ENTRY ELEMENTS (KOHA)
Source of classification or shelving scheme Dewey Decimal Classification
Koha item type Hindi Books
Classification part 158.1
Call number suffix श्रीचंदा
Holdings
Withdrawn status Lost status Source of classification or shelving scheme Damaged status Not for loan Collection code Home library Current library Date acquired Source of acquisition Cost, normal purchase price Total Checkouts Full call number Barcode Date last seen Date checked out Copy number Cost, replacement price Price effective from Koha item type
    Dewey Decimal Classification     Fiction Sarojini Nagar Sarojini Nagar 20/02/2024 DBAD/PUB 1000.00 1 158.1 श्रीचंदा HN-99271 07/04/2025 25/03/2025 1 1000.00 20/02/2024 Hindi Books

© Delhi Public Library
Hit Counter
free hit counter